000 00592nam a22002177a 4500
003 UA-OsUOA
001 54143
007 ta
008 20080527b un ||||| |||| 00| 0 ukr d
100 _aПустовойт О.
090 _a330(477)
_bП-12
942 _cSA
040 _aUA-OsUOA
_bukr
_cUA-OsUOA
_dUA-OsUOA
245 _aЕфективність моделі розвитку внутрішнього ринку України
300 _aС.24-37
955 _a0
041 _aukr
080 _a330(477)
773 0 _w54142
650 7 _a330 Економіка взагалі
_2UDC
999 _c340178
_d340178